Stray Kids Quiz (Are you a real Stay?) - Statistics

General Stats
  • This quiz has been taken 1,815 times
  • The average score is 50 of 78
Answer Stats
Question Answer % Correct
Who is the leader? Bang Chan
98%
Stray Kids is under what entertainment? JYP
98%
Who is Hyunjin?
97%
Who is Han?
97%
Who is Seungmin?
97%
Who is Felix?
96%
Who is Bang Chan?
96%
Who is Lee Know?
96%
Who is I.N?
96%
Who is Changbin?
96%
What is Felix's korean name? Yongbok
96%
Which one is Stray Kids's lightstick?
95%
Who is the maknae? I.N
95%
Whose nickname is Squirrel? Han
93%
Who formed the group? Bang Chan
91%
Which group that Lee know was a their backup dancer during their Japan tour? BTS
89%
What is I.N's birth name? Yang Jeongin
89%
Who has a King Charles Spaniel dog named Berry? Bang Chan
86%
Who was featured in BTS’ ‘Not Today’ MV as a backup dancer? Lee Know
85%
What is Stray Kids's most viewed MV? God's Menu
81%
When is Felix's birthday? 15 September 2000
78%
Whose nicknames are Kangaroo and Koala? Bang Chan
77%
Who is known for his drawings? Hyunjin
77%
When is Bang Chan's birthday? 3 October 1997
76%
Who has three cats named Soon-ie, Doong-ie and Dori? Lee Know
76%
Which one is Stray Kids's official greeting? Step Out! Hello, we are Stray Kids!
76%
Who is a 3rd degree black belt at taekwondo? Felix
75%
Which date did they debut? 25 March 2018
74%
Who are part of sub-unit 3RACHA? Bang Chan-Changbin-Han
74%
Which of these artists has Stray Kids collaborated with? Charlie Puth
74%
What is the main single from the oddinary album? Maniac
72%
Who was in forth grade he threw the first pitch at a game for SK Wyverns, a professional baseball team? Seungmin
72%
Which one is Itzy's official fandom name? Stay
72%
What song did they win first win on a music show? Miroh
71%
Who are part of sub-unit Vocal Racha? Seungmin-I.N
71%
Who are part of sub-unit Dance Racha? Lee Know-Hyunjin-Felix
69%
Where did Han live and study? Malaysia
69%
Who has a dog named Kkami? Hyunjin
68%
When is Han's birthday? 14 September 2000
66%
Whose friends and classmates call him the “Prince” because of his handsome looks and talent? Hyunjin
66%
Who used the name Sam when he was living abroad? Hyunjin
64%
When is Hyunjin's birthday? 20 March 2000
63%
Who was eliminated on December 5, episode 8 of Mnet’s Stray Kids, but he was added back at the end of episode 9? Felix
63%
Who was born in Seven Hills, a suburb of Sydney, Australia? Felix
61%
Who moved to Sydney, Australia when he was very young but his birth place is S. Korea? Bang Chan
60%
When is I.N's birthday? 8 February 2001
59%
When is Changbin's birthday? 11 August 1999
57%
When is Seungmin's birthday? 22 September 2000
57%
When is Lee Know's birthday? 25 October 1998
55%
What is Han's stage name in 3RACHA? J.ONE
55%
Who has a scar on his tummy from a surgery he had as a kid? Lee Know
55%
Whose dad owns a swimming club in Sydney? Bang Chan
54%
Who was eliminated on November 7, episode 4 of Mnet’s Stray Kids but he was added back at the end of episode 9? Lee Know
53%
For which of these animes did Stray Kids make an opening? Tower Of God
53%
What is Changbin's stage name in 3RACHA? SPEARB
52%
Who starred in TWICE‘s “Like Ooh Ahh” MV as a zombie? Bang Chan
51%
Who has a puppy, named Bbama? Han
51%
Which one isn't a Changbin's nickname? Koala
51%
What is Bang Chan's stage name in 3RACHA? CB97
50%
Which album has won the Billboard Award for Best K-Pop Album? 5-Star
46%
Who made a cameo in the Web drama “A-Teen Season 2” ep 16? Hyunjin-I.N
46%
Who was a kid he lived for a while in Las Vegas? Hyunjin
42%
Who was an MC for ASC (After School Club)? Seungmin
42%
Which album did they debut? I am NOT
40%
Who appeared in “Nat Geo” a few years ago when he was auditioning for Cube Entertainment? Lee Know
39%
Who starred in Miss A‘s “Only You” MV? Bang Chan
36%
Who got the 2nd place for 15 age category in 2015 Swimming Carnival? Felix
31%
Who though he only learned English in LA for 3 months when he was in the 4th grade? Seungmin
31%
Who use to be a child model when he was seven? I.N
27%
Who was featured on SMTM 5 but just for a few seconds? Changbin
26%
Who appeared in “King of Masked Singer”, he was eliminated in 1st round? Han
26%
Whose dad works in the furniture industry? Lee Know
26%
Who went to the same high school? Bang Chan- Seungmin
25%
Who casts in “Idol Dictation Contest”? Lee know
21%
Who used to take ballet and modern dance classes? Bang Chan
20%
Whic one isn't a I.N's nickname? Golden Maknae
20%
Who is an MC for “We K-Pop”? Seungmin
20%
What was the first music video released before their debut? Spread My Wings
5%
No matching quizzes found
Score Distribution
Percent of People with Each Score
Percentile by Number Answered
Your Score History
You have not taken this quiz